| 000 | 00593nam a2200181Ia 4500 | ||
|---|---|---|---|
| 003 | GCL | ||
| 008 | 140319s9999 xx 000 0 ara d | ||
| 040 |
_aGCL / _cGCL |
||
| 082 | 0 | 4 |
_a811.1 _bع م |
| 100 | 1 | _aعبدالفتاح محمد احمد | |
| 245 | 1 | 0 |
_aالمنهج الاسطورى فى تفسير الشعر الجاهلى / _cعبدالفتاح محمد احمد |
| 300 | _a264 ص | ||
| 490 | _a | ||
| 650 | 0 | 4 | _aالعصر الجاهلى |
| 650 | 0 | 4 | _aالشعر العربى - تاريخ ونقد |
| 650 | 0 | 4 | _aالادب العربى - تاريخ ونقد |
| 942 |
_2ddc _cBK |
||
| 999 |
_c39073 _d39073 |
||